Bridging Global and Local: (Record no. 122030)

MARC details
000 -LEADER
fixed length control field 01034nam a22002057a 4500
008 - FIXED-LENGTH DATA ELEMENTS--GENERAL INFORMATION
fixed length control field 241018e20241017xxk|||||o|||| 00| 0 eng d
041 ## - LANGUAGE CODE
Language code of text/sound track or separate title eng
110 ## - MAIN ENTRY--CORPORATE NAME
Corporate author Royal Institution of Chartered Surveyors
245 ## - TITLE STATEMENT
Title Bridging Global and Local:
Subtitle The Growing Influence of RICS Qualifications in Japan’s Real Estate
260 ## - PUBLICATION INFORMATION
Publisher Royal Institution of Chartered Surveyors,
Date 17 October 2024
520 ## - ABSTRACT
Abstract This article explores the impact and relevance of RICS qualifications in the Japanese real estate market, comparing it with local credentials and highlighting its role in addressing emerging market trends.
650 ## - KEYWORDS
Keywords PROFESSIONAL DEVELOPMENT
650 ## - KEYWORDS
Keywords QUALIFICATIONS
651 ## - SUBJECT ADDED ENTRY--GEOGRAPHIC NAME
Geographic name Japan
690 ## - BROAD SUBJECT
Broad subject RICS
9 (RLIN) 6277
700 ## - ADDED PERSONAL NAME
Added personal author Mizutani, Shigeko
710 ## - ADDED CORPORATE NAME
Added corporate author Royal Institution of Chartered Surveyors
856 ## - ONLINE RESOURCE
Uniform Resource Identifier <a href="https://www.rics.org/news-insights/research-and-insights/bridging-global-and-local-the-growing-influence-of-rics-qualifications-in-japans-real-estate-valuation">https://www.rics.org/news-insights/research-and-insights/bridging-global-and-local-the-growing-influence-of-rics-qualifications-in-japans-real-estate-valuation</a>
Public note Available free on RICS.org
942 ## - ADDED ENTRY ELEMENTS (KOHA)
Suppress in OPAC Do not suppress in OPAC
Holdings
Lost status Damaged status Not for loan Current library Shelving location Date acquired Total Checkouts Date last seen Price effective from Koha item type
      Virtual Online 18/10/2024   18/10/2024 18/10/2024 Journal article